|
|
|
|
| LEADER |
01534nam a2200325 a 4500 |
| 001 |
3943904 |
| 008 |
091119s1994 nyua b 001 0 eng d |
| 010 |
|
|
|a \\\93040400
|
| 020 |
|
|
|a 0312121032
|
| 020 |
|
|
|a 0312121040 (pbk.)
|
| 020 |
|
|
|a 0333489810
|
| 020 |
|
|
|a 0333612167
|
| 040 |
|
|
|a DLC
|c DLC
|d DLC
|
| 082 |
0 |
0 |
|a 382
|2 20
|
| 100 |
1 |
|
|a Södersten, Bo.
|
| 245 |
1 |
0 |
|a International economics /
|c Bo Södersten and Geoffrey Reed.
|
| 250 |
|
|
|a 3rd ed.
|
| 260 |
|
|
|a New York :
|b St. Martin's Press,
|c 1994.
|
| 300 |
|
|
|a xl, 714 p. :
|b ill. ;
|c 24 cm.
|
| 500 |
|
|
|a Revision of the 1970 Harper & Row ed. of the work first published in Swedish under title: Internationell ekonomi.
|
| 504 |
|
|
|a Includes bibliographical references (p. 682-698) and indexes.
|
| 541 |
1 |
|
|e 00010983
|
| 650 |
|
0 |
|a International economic relations.
|
| 700 |
1 |
|
|a Reed, Geoffrey.
|
| 700 |
1 |
|
|a Södersten, Bo.
|t Internationell ekonomi.
|
| 852 |
4 |
|
|a Ayesha Abed Library
|j General shelf
|
| 999 |
|
|
|c 5606
|d 5606
|
| 952 |
|
|
|0 0
|1 0
|2 ddc
|4 0
|6 382_SOD_199400000000000
|7 0
|9 5505
|a BRACUL
|b BRACUL
|c GEN
|d 2009-11-19
|g 0.00
|l 0
|o 382 SOD
|p 3010010983
|r 2009-11-19
|t 1
|w 2009-11-19
|y BK
|x No price found in the accession register.
|
| 952 |
|
|
|0 0
|1 0
|2 ddc
|4 0
|6 382_SOD_199400000000000
|7 0
|9 5634
|a BRACUL
|b BRACUL
|c GEN
|d 2009-11-21
|g 0.00
|l 0
|o 382 SOD
|p 3010008170
|r 2009-11-21
|t 2
|w 2009-11-21
|y BK
|x No price found in the accession register.
|
| 952 |
|
|
|0 0
|1 0
|2 ddc
|4 0
|6 382_SOD_199400000000000
|7 0
|9 17404
|a BRACUL
|b BRACUL
|c GEN
|d 2011-07-09
|l 0
|o 382 SOD
|p 3010008152
|r 2011-07-09
|t 3
|w 2011-07-09
|y BK
|